Военное творчество народных масс: исторический очерк
| Egile nagusia: | |
|---|---|
| Hizkuntza: | errusiera |
| Argitaratua: |
Москва, Воениздат, 1961
|
| Gaiak: |
Разин
> С. Т.
> донской казак
> предводитель Крестьянской войны 1670 - 1671
> около 1630-1671
> Степан Тимофеевич
Александр Македонский (Великий)
> III
> полководец, царь Македонии 336-323 до н.э. из рода Аргеадов
> 356-324 до н.э.
Булавин
> К. А.
> донской казак
> предводитель крестьянско-казацкого восстания
> около 1660-1708
> Кондратий Афанасьевич
|
| Formatua: | MixedMaterials Liburua |
| KOHA link: | https://koha.lib.tpu.ru/cgi-bin/koha/opac-detail.pl?biblionumber=216007 |
MARC
| LEADER | 00000nam0a2200000 4500 | ||
|---|---|---|---|
| 001 | 216007 | ||
| 005 | 20231101230016.0 | ||
| 035 | |a (RuTPU)RU\TPU\book\235968 | ||
| 090 | |a 216007 | ||
| 100 | |a 20120518d1961 m y0rusy50 ca | ||
| 101 | 0 | |a rus | |
| 102 | |a RU | ||
| 105 | |a a z 001zd | ||
| 200 | 1 | |a Военное творчество народных масс |e исторический очерк |f П. П. Вершигора | |
| 210 | |a Москва |c Воениздат |d 1961 | ||
| 215 | |a 824 с. |c ил. |e карты | ||
| 320 | |a Библиогр. в тексте | ||
| 600 | 1 | |a Болотников |b И. И. |c предводитель восстания 1606-1607 |f ?-1608 |g Иван Исаевич |c беглый холоп |2 stltpush |3 (RuTPU)RU\TPU\pers\12711 | |
| 600 | 1 | |a Разин |b С. Т. |c донской казак |c предводитель Крестьянской войны 1670 - 1671 |f около 1630-1671 |g Степан Тимофеевич |2 stltpush |3 (RuTPU)RU\TPU\pers\214 |9 109 | |
| 600 | 0 | |a Александр Македонский (Великий) |d III |c полководец, царь Македонии 336-323 до н.э. из рода Аргеадов |f 356-324 до н.э. |2 stltpush |3 (RuTPU)RU\TPU\pers\6841 | |
| 600 | 1 | |a Булавин |b К. А. |c донской казак |c предводитель крестьянско-казацкого восстания |f около 1660-1708 |g Кондратий Афанасьевич |2 stltpush |3 (RuTPU)RU\TPU\pers\12068 |9 3152 | |
| 600 | 1 | |a Пугачев |g Емельян Иванович |b Е. И. |c донской казак |c предводитель Крестьянской войны 1773 - 1775 |f 1740/1742-1775 |2 stltpush |3 (RuTPU)RU\TPU\pers\1267 | |
| 600 | 0 | |a Наполеон Бонапарт |d I |c король Италии, император Франции |f 1769-1821 |2 stltpush |3 (RuTPU)RU\TPU\pers\1394 | |
| 606 | 1 | |a Военное искусство |x Русское |z 19 век |2 stltpush |3 (RuTPU)RU\TPU\subj\38261 |9 58914 | |
| 606 | 1 | |a Военное искусство советское |2 stltpush |3 (RuTPU)RU\TPU\subj\3255 |9 31701 | |
| 610 | 1 | |a партизанское движение | |
| 610 | 1 | |a скифы | |
| 610 | 1 | |a Древняя Русь | |
| 610 | 1 | |a монголо-татарское вторжение | |
| 610 | 1 | |a Куликовская битва | |
| 610 | 1 | |a казачество | |
| 610 | 1 | |a крестьянские войны | |
| 610 | 1 | |a Отечественная война 1812 | |
| 610 | 1 | |a Восстание декабристов | |
| 610 | 1 | |a Крестьянская война 1773-1775 гг. | |
| 610 | 1 | |a Крымская война | |
| 610 | 1 | |a Русско-японская война 1904-1905 | |
| 610 | 1 | |a Русско-турецкая война | |
| 610 | 1 | |a Октябрьская революция 1917 | |
| 686 | |a Ц35(2) |v LBC/SL-A |2 rubbk | ||
| 686 | |a Ц26(2) |v LBC/SL-A |2 rubbk | ||
| 700 | 1 | |a Вершигора |b П. П. |g Петр Петрович | |
| 801 | 1 | |a RU |b 63413507 |c 20120518 | |
| 801 | 2 | |a RU |b 63413507 |c 20121004 |g RCR | |
| 942 | |c BK | ||